000 00565cam a22002053a 4500
001 40108
003 PGUSA
005 20140828083908.0
008 120629s2012||||xxu|||||s|||||000 | eng d
040 _aPGUSA
_beng
042 _adc
100 1 _aRohmer, Sax,
_d1883-1959
245 1 0 _aTales of Secret Egypt
_h[electronic resource] /
_cSax Rohmer
260 _bProject Gutenberg,
_c2012
506 _aPublic domain in the USA.
516 _aElectronic text
830 0 _aProject Gutenberg
_v40108
856 4 0 _uhttp://www.gutenberg.org/ebooks/40108
942 _cEB
999 _c269361
_d269361